Versos de mi silencio : (Registro nro. 193603)

Detalles MARC
000 -LEADER
campo de control de longitud fija 01598nam a2200397 i 4500
001 - NÚMERO DE CONTROL
campo de control 193603
003 - IDENTIFICADOR DE NÚMERO DE CONTROL
campo de control SpMaBN
005 - FECHA Y HORA DE LA ÚLTIMA TRANSACCIÓN
campo de control 20250827042130.0
007 - CAMPO FIJO DE DESCRIPCIÓN FÍSICA--INFORMACIÓN GENERAL
campo de control de longitud fija ta
008 - DATOS DE LONGITUD FIJA--INFORMACIÓN GENERAL
campo de control de longitud fija 220722s2022 sp a | |||| 000 p spa
017 ## - NÚMERO DE COPYRIGHT O DE DEPÓSITO LEGAL
Número de copyright o de depósito legal M 12853-2022
Agencia que asigna Oficina Depósito Legal Madrid
020 ## - NÚMERO INTERNACIONAL ESTÁNDAR DEL LIBRO
Número Internacional Estándar del Libro 9788419369017
040 ## - FUENTE DE CATALOGACIÓN
Centro catalogador/agencia de origen SpMaBN
Lengua de catalogación spa
Centro/agencia transcriptor SpMaBN
Normas de descripción rda
080 ## - NÚMERO DE LA CLASIFICACIÓN DECIMAL UNIVERSAL
Número de la Clasificación Decimal Universal 821.134.2-14"19"
100 1# - ENTRADA PRINCIPAL--NOMBRE DE PERSONA
Nombre de persona Ruiz de Torres, Juan,
Fechas asociadas al nombre 1931-2014
Relación aut
Término indicativo de función/relación Autor
9 (RLIN) 155342
245 10 - MENCIÓN DEL TÍTULO
Título Versos de mi silencio :
Resto del título (antología poética 2013-1958) /
Mención de responsabilidad, etc. Juan Ruiz de Torres ; selección, comentarios y fotos, Ángela Reyes
250 ## - MENCION DE EDICION
Mención de edición Primera edición
264 #1 - PRODUCCIÓN, PUBLICACIÓN, DISTRIBUCIÓN, FABRICACIÓN Y COPYRIGHT
Producción, publicación, distribución, fabricación y copyright Madrid :
Nombre del de productor, editor, distribuidor, fabricante Deslinde,
Fecha de producción, publicación, distribución, fabricación o copyright 2022
300 ## - DESCRIPCIÓN FÍSICA
Extensión 482 páginas :
Otras características físicas ilustraciones (blanco y negro y color) ;
Dimensiones 24 cm
336 ## - TIPO DE CONTENIDO
Término de tipo de contenido Texto
-- Imagen fija
Fuente rdacontent
337 ## - TIPO DE MEDIO
Nombre/término del tipo de medio sin mediación
Fuente rdamedia
338 ## - TIPO DE SOPORTE
Nombre/término del tipo de soporte volumen
Fuente rdacarrier
490 0# - MENCIÓN DE SERIE
Mención de serie Premio Vasconcelos
500 ## - NOTA GENERAL
Nota general Índice
500 ## - NOTA GENERAL
Nota general Catalogación provisional. Signatura: N 8639. Depósito J.
655 #7 - TERMINO DE INDIZACIÓN--GENERO/FORMA
Datos o término principal de género/forma Poesías
Fuente del término tgfbne
9 (RLIN) 176539
700 1# - ENTRADA AGREGADA--NOMBRE PERSONAL
Nombre de persona Reyes, Ángela,
Fechas asociadas al nombre 1946-
Término indicativo de función/relación Editor literario
9 (RLIN) 137576
852 ## - LOCALIZACIÓN
Ubicación ES-MaACL
Sublocalización o colección R. 153491
Ubicación en estantería Depósito J
Número de control de estantería N-8639
Anotaciones manuscritas Dedicatoria autógrafa de la autora
Donativo/Legado Donación: Ángela Reyes
itemnumber 201068
Nota libre En proceso
903 ## - NOMBRE PERSONAL DE DONANTE
a Reyes, Ángela,
d 1946-
e Donante
9 137576
942 ## - ELEMENTOS DE ENTRADA SECUNDARIOS (KOHA)
Suprimir en OPAC No
Tipo de ítem Koha Libro impreso
Existencias
Estatus retirado Estado de pérdida Fuente del sistema de clasificación o colocación Estado de daño No para préstamo Biblioteca de origen Biblioteca actual Ubicación en estantería Fecha de adquisición Fuente de adquisición Total de préstamos Signatura topográfica completa Código de barras Visto por última vez Tipo de ítem Koha Nota pública
    Clasificación decimal universal     Biblioteca del Ateneo de Madrid Biblioteca del Ateneo de Madrid Depósito J 18/01/2024 Donación   N-8639 101206345 18/01/2024 Libro impreso Dedicatoria autógrafa de la autora